| 000 | 01340nam a2200229Ia 4500 | ||
|---|---|---|---|
| 999 |
_c52143 _d52143 |
||
| 001 | 19150 | ||
| 003 | GE_BSU | ||
| 005 | 20210429172950.0 | ||
| 008 | 181216s2012||||ge |||||||||||||| ||geo|| | ||
| 040 | _cGE_BSU | ||
| 041 | _ageo | ||
| 080 | _a82 შ-18 | ||
| 100 |
_aშაინიძე, ჟუჟუნა _99131 |
||
| 245 |
_aლიტერატურული სკოლები და დაჯგუფებები ქართულ მწერლობაში (XX საუკუნის 70 - 90 იანი წლები) / _cჟუჟუნა შაინიძე; სამეცნიერო ხელმძრვანელი რ. ხალვაში; ბათუმის შოთა რუსთაველის სახ-ფო უნ-ტი. |
||
| 264 |
_aბათუმი, _c2012. |
||
| 300 |
_a271 გვ.; _b30სმ. |
||
| 653 | _aდისერტაცია | ||
| 653 | _aლიტერატურული სკოლები და დაჯგუფებები ქართულ მწერლობაში (XX საუკუნის 70-90 იანი წლები) | ||
| 653 | _aლიტმცოდნეობა | ||
| 700 |
_aხალვაში, რ. _eსამეცნიერო ხელმძრვანელი _911576 |
||
| 942 |
_cBK _2udc |
||